Joueurs ayant marqué le plus de buts au Championnat d'Europe - Statistiques

Statistiques générales
  • Ce quiz a été pris 75 fois
  • Le résultat moyen est 9 sur 21
Statistiques - réponses
Nationalité Buts Joueur % Correct
Portugal 14 Cristiano Ronaldo
100%
France 7 Antoine Griezmann
71%
France 6 Thierry Henry
71%
France 9 Michel Platini
68%
France 5 Zinédine Zidane
65%
Belgique 6 Romelu Lukaku
59%
Suède 6 Zlatan Ibrahimović
57%
Pologne 5 Robert Lewandowski
55%
Angleterre 6 Wayne Rooney
51%
Espagne 7 Álvaro Morata
42%
Espagne 5 Fernando Torres
41%
Pays-Bas 5 Marco van Basten
41%
Pays-Bas 6 Ruud van Nistelrooy
30%
Angleterre 7 Alan Shearer
28%
République Tchèque 6 Patrik Schick
20%
Allemagne 5 Mario Gómez
16%
République Tchèque 5 Milan Baroš
14%
Pays-Bas 6 Patrick Kluivert
14%
Portugal 6 Nuno Gomes
13%
Allemagne de l'Ouest / Allemagne 5 Jürgen Klinsmann
9%
Yougoslavie 5 Savo Milošević
1%
Aucun quiz correspondant
Distribution des résultats
% des personnes avec chaque résultat
Percentile par nombre de réponses
Votre historique - résultats
Vous n’avez pas pris ce quiz